[Event "PRO League Group Stage"]
[Site "chess.com INT"]
[Date "2018.02.24"]
[Round "7"]
[White "Bordi, Kevin"]
[Black "Chu, Ruotong"]
[Result "1/2-1/2"]
[WhiteElo "2282"]
[BlackElo "2267"]
[WhiteTeam "Cannes Blockbusters"]
[BlackTeam "Chengdu Pandas"]
[WhiteFideId "621862"]
[BlackFideId "8605653"]
[EventDate "2018.01.18"]

1. d4 Nf6 2. Bg5 d5 3. Bxf6 exf6 4. e3 Bd6 5. c4 dxc4 6. Bxc4 O-O 7. Nf3 c6 8.
O-O f5 9. Nc3 Nd7 10. Re1 Nf6 11. Qc2 g6 12. Bf1 Qe7 13. g3 Ne4 14. Bg2 Re8 15.
Nd2 Nxd2 16. Qxd2 Bb4 17. a3 Bxc3 18. bxc3 Be6 19. Qd3 Bd5 20. c4 Bxg2 21. Kxg2
Qe4+ 22. Qxe4 fxe4 23. Rab1 Rab8 24. Rb2 b6 25. g4 f5 26. gxf5 gxf5 27. Kg3 Kf7
28. Kf4 Kf6 29. f3 exf3 30. Kxf3 Re4 31. Rb3 1/2-1/2

[Event "PRO League Group Stage"]
[Site "chess.com INT"]
[Date "2018.02.24"]
[Round "7"]
[White "Boros, Denes"]
[Black "Hauge, Lars Oskar"]
[Result "0-1"]
[WhiteTitle "GM"]
[BlackTitle "IM"]
[WhiteElo "2457"]
[BlackElo "2436"]
[WhiteTeam "Webster Windmills"]
[BlackTeam "Oslo Trolls"]
[WhiteFideId "722340"]
[BlackFideId "1509276"]
[EventDate "2018.01.18"]

1. e4 c5 2. Nf3 d6 3. Bb5+ Bd7 4. Bc4 Nc6 5. a3 Nf6 6. d3 g6 7. O-O Bg7 8. Nc3
O-O 9. h3 a6 10. Bg5 b5 11. Ba2 Rb8 12. Nd5 Nxd5 13. exd5 Ne5 14. Nd2 Bc8 15.
Qe2 Re8 16. Rae1 Bb7 17. f4 Nd7 18. Ne4 Nf6 19. f5 Qd7 20. Bxf6 exf6 21. Qg4 Re5
22. Qg3 Rbe8 23. Re2 Kh8 24. Ref2 gxf5 25. Nd2 Bh6 26. Nf3 Be3 27. Nxe5 Bxf2+
28. Qxf2 fxe5 29. Qh4 Qe7 30. Qxe7 Rxe7 31. Rxf5 Kg7 32. Kf2 Bc8 33. Rg5+ Kf8
34. b4 f6 35. Rg3 Rc7 36. bxc5 Rxc5 37. c4 Kf7 38. Rf3 f5 39. Ke3 Kf6 40. d4 Rc7
41. dxe5+ dxe5 42. d6 Rc6 43. cxb5 axb5 44. Bb1 f4+ 45. Ke2 Rxd6 46. Bxh7 Bb7
47. Rf2 Ra6 48. Bd3 Bc6 49. Rf1 e4 50. Bxe4 Bxe4 51. Rxf4+ Ke5 52. Rg4 Rxa3 53.
Rg5+ Kd4 54. h4 Ra2+ 55. Kd1 b4 56. h5 Rxg2 57. Rxg2 Bxg2 58. Kc2 Be4+ 59. Kb3
Kc5 60. h6 Bh7 61. Kb2 Kc4 62. Ka2 Bg6 63. Kb2 b3 64. Ka1 Kc3 65. h7 b2+ 66. Ka2
b1=Q+ 0-1

[Event "PRO League Group Stage"]
[Site "chess.com INT"]
[Date "2018.02.24"]
[Round "7"]
[White "Boros, Denes"]
[Black "Haria, Ravi"]
[Result "1-0"]
[WhiteTitle "GM"]
[BlackTitle "IM"]
[WhiteElo "2457"]
[BlackElo "2374"]
[WhiteTeam "Webster Windmills"]
[BlackTeam "London Lions"]
[WhiteFideId "722340"]
[BlackFideId "415820"]
[EventDate "2018.01.18"]

1. c4 e6 2. Nf3 d5 3. b3 Nf6 4. Bb2 b6 5. g3 Be7 6. cxd5 exd5 7. Bg2 O-O 8. O-O
c5 9. d4 Be6 10. Nc3 Nbd7 11. Ng5 cxd4 12. Qxd4 h6 13. Nxe6 fxe6 14. Qe3 Nc5 15.
Rad1 Qd7 16. Bh3 Qc6 17. Rc1 Qd6 18. Nb5 Qd8 19. Nd4 e5 20. Qxe5 Bd6 21. Qe3 Re8
22. Qf3 Nfe4 23. Nf5 Be5 24. Bxe5 Rxe5 25. Qf4 Qf6 26. Ne3 Qxf4 27. gxf4 Rh5 28.
Bg4 Rh4 29. f3 Re8 30. b4 Nd2 31. Nf5 Rxg4+ 32. fxg4 Nce4 33. Rfd1 g6 34. Nd6
Rd8 35. Rc8 Rxc8 36. Nxc8 Kf7 37. Nxa7 Ke6 38. Nb5 Nc4 39. Rd3 Kd7 40. Rh3 1-0

[Event "PRO League Group Stage"]
[Site "chess.com INT"]
[Date "2018.02.24"]
[Round "7"]
[White "Boros, Denes"]
[Black "Ducarmon, Quinten"]
[Result "0-1"]
[WhiteTitle "GM"]
[BlackTitle "IM"]
[WhiteElo "2457"]
[BlackElo "2472"]
[WhiteTeam "Webster Windmills"]
[BlackTeam "Amsterdam Mosquitoes"]
[WhiteFideId "722340"]
[BlackFideId "1025007"]
[EventDate "2018.01.18"]

1. c4 e5 2. e3 Nf6 3. Nc3 Nc6 4. Qc2 Bb4 5. a3 Bxc3 6. Qxc3 d5 7. cxd5 Nxd5 8.
Qc2 O-O 9. b4 Re8 10. Bb2 Bg4 11. Bd3 Kh8 12. Qc4 Be6 13. Qb5 a6 14. Qxb7 Qd6
15. Rc1 Bd7 16. b5 Na5 17. Qxa6 Rxa6 18. bxa6 Nb3 19. Rd1 Nf4 20. Be4 Nd3+ 21.
Kf1 Nxb2 0-1

[Event "PRO League Group Stage"]
[Site "chess.com INT"]
[Date "2018.02.24"]
[Round "7"]
[White "Boros, Denes"]
[Black "Li, Ruifeng"]
[Result "1-0"]
[WhiteTitle "GM"]
[BlackTitle "GM"]
[WhiteElo "2457"]
[BlackElo "2576"]
[WhiteTeam "Webster Windmills"]
[BlackTeam "Norway Gnomes"]
[WhiteFideId "722340"]
[BlackFideId "2061074"]
[EventDate "2018.01.18"]

1. c4 e5 2. Nc3 Nc6 3. a3 g6 4. g3 Bg7 5. Bg2 Nge7 6. d3 O-O 7. Nf3 d6 8. O-O h6
9. Rb1 Be6 10. b4 a6 11. Nd2 Rb8 12. Bb2 Qd7 13. Nd5 b5 14. Ba1 Rfc8 15. e3 Bh3
16. Ne4 Kh8 17. Qb3 Bxg2 18. Kxg2 Nxd5 19. cxd5 Ne7 20. Rbc1 f5 21. Nd2 Qe8 22.
f4 c6 23. dxc6 Rxc6 24. e4 Rbc8 25. Rxc6 Qxc6 26. Qe6 Qc2 27. Rf2 Qd1 28. Qxe7
Qxa1 29. Qxd6 exf4 30. Qxg6 fxg3 31. hxg3 fxe4 32. Nxe4 Qc1 33. Nf6 Bxf6 34.
Qxf6+ Kh7 35. Qf7+ Kh8 36. Qf6+ Kh7 37. Qf5+ Kg8 38. Qd5+ Kh8 39. Qe5+ Kg8 40.
Qd5+ Kh8 41. Rf7 Qg5 42. Qxg5 hxg5 43. Rf6 Rc3 44. Rxa6 Rxd3 45. Kh3 Kg7 46. Kg4
Rd5 47. Kh5 Kf7 48. Rg6 Rd3 49. Rxg5 Rxa3 50. Kh4 Kf6 51. Rxb5 Rb3 52. Rb6+ Kf5
53. g4+ Kf4 54. g5 Rb1 55. Kh5 Rh1+ 56. Kg6 Rg1 57. Rb5 Rg4 58. Kf6 Rg1 59. g6
Rc1 60. g7 Rc6+ 61. Kf7 Rc7+ 62. Kg6 Rc8 63. Rb7 1-0

[Event "PRO League Group Stage"]
[Site "chess.com INT"]
[Date "2018.02.24"]
[Round "7"]
[White "Clarke, Brandon G I"]
[Black "Summerscale, Aaron P"]
[Result "1-0"]
[WhiteTitle "FM"]
[BlackTitle "GM"]
[WhiteElo "2360"]
[BlackElo "2395"]
[WhiteTeam "Australia Kangaroos"]
[BlackTeam "London Towers"]
[WhiteFideId "400319"]
[BlackFideId "400980"]
[EventDate "2018.01.18"]

1. e4 e6 2. d4 d5 3. Nc3 Nf6 4. e5 Nfd7 5. f4 c5 6. Nf3 Nc6 7. Be3 a6 8. Qd2 b5
9. dxc5 Bxc5 10. Bd3 Qb6 11. Bf2 b4 12. Na4 Bxf2+ 13. Qxf2 Qxf2+ 14. Kxf2 a5 15.
Bb5 Na7 16. Nd4 Rb8 17. Bd3 Nb6 18. Nc5 Nc4 19. a3 Nxb2 20. axb4 Rxb4 21. c3
Nxd3+ 22. Nxd3 Rb6 23. Rxa5 Nc6 24. Rc5 Bd7 25. Nxc6 Rxc6 26. Ra1 O-O 27. Ra7
Rxc5 28. Nxc5 Bb5 29. Ke3 h6 30. Kd4 Rb8 31. g3 Be8 32. Nb7 Bc6 33. Nd6 Be8 34.
h4 Kf8 35. g4 Rd8 36. f5 Rb8 37. g5 hxg5 38. hxg5 Rd8 39. g6 fxg6 40. fxe6 Rb8
41. Kxd5 g5 42. Ke4 g6 43. Kf3 Bc6+ 44. Kg4 Bd5 45. e7+ 1-0

[Event "PRO League Group Stage"]
[Site "chess.com INT"]
[Date "2018.02.24"]
[Round "7"]
[White "Clarke, Brandon G I"]
[Black "Kukk, Sander"]
[Result "1-0"]
[WhiteTitle "FM"]
[WhiteElo "2360"]
[BlackElo "2178"]
[WhiteTeam "Australia Kangaroos"]
[BlackTeam "Estonia Horses"]
[WhiteFideId "400319"]
[BlackFideId "4502094"]
[EventDate "2018.01.18"]

1. e4 g6 2. d4 Bg7 3. Nf3 d6 4. Bc4 Nf6 5. Qe2 O-O 6. O-O Bg4 7. e5 dxe5 8. dxe5
Nd5 9. Nbd2 Nc6 10. Qe4 Bxf3 11. Nxf3 Nb6 12. Bb5 Qd5 13. Qxd5 Nxd5 14. Bxc6
bxc6 15. a3 Rfd8 16. Re1 e6 17. Bg5 Rd7 18. Rad1 h6 19. Be3 a6 20. c4 Nb6 21.
Bxb6 Rxd1 22. Rxd1 cxb6 23. Rd7 b5 24. c5 Bf8 25. b4 a5 26. Kf1 axb4 27. axb4
Ra4 28. Rd4 g5 29. Ke2 Kh7 30. h4 Kg6 31. hxg5 hxg5 32. g4 Ra2+ 33. Ke3 Rb2 34.
Ne1 f6 35. Nd3 Rb3 36. Rd8 Bg7 37. Rd6 Kf7 38. exf6 Bxf6 39. Rxc6 Bc3 40. Ke4
Bxb4 41. Ne5+ Ke7 42. Rc7+ Kd8 43. Rd7+ Kc8 44. c6 Rc3 45. Rb7 Bd6 46. Rxb5 Rc2
47. Nf7 Bc7 48. Nxg5 Rxc6 49. f3 Rc4+ 50. Kd3 Ra4 51. Nxe6 Bd6 52. Nd4 Kd7 53.
Rb7+ Bc7 54. Nb5 Kc6 55. Rxc7+ 1-0

[Event "PRO League Group Stage"]
[Site "chess.com INT"]
[Date "2018.02.24"]
[Round "7"]
[White "Clarke, Brandon G I"]
[Black "Zwardon, Vojtech"]
[Result "1-0"]
[WhiteTitle "FM"]
[BlackTitle "IM"]
[WhiteElo "2360"]
[BlackElo "2412"]
[WhiteTeam "Australia Kangaroos"]
[BlackTeam "Riga Magicians"]
[WhiteFideId "400319"]
[BlackFideId "325511"]
[EventDate "2018.01.18"]

1. e4 c5 2. Nf3 Nc6 3. d4 cxd4 4. Nxd4 e5 5. Nb5 a6 6. Nd6+ Bxd6 7. Qxd6 Qe7 8.
Qd1 Nf6 9. Nc3 d6 10. Bg5 Be6 11. Nd5 Bxd5 12. exd5 Nb8 13. c4 O-O 14. Be2 a5
15. O-O Na6 16. Qc2 Rfc8 17. Qf5 h6 18. Bh4 Nc5 19. Rae1 a4 20. Bd1 Ncd7 21. b3
axb3 22. axb3 g6 23. Qb1 g5 24. Bg3 Qf8 25. h4 Qg7 26. hxg5 hxg5 27. Qf5 Ra2 28.
Bc2 b5 29. Bb1 Ra7 30. Rc1 bxc4 31. bxc4 Rac7 32. Bd3 Nc5 33. Bc2 Ncd7 34. Ba4
Nb6 35. Bc6 Kf8 36. Rfd1 Ng8 37. Qb1 Rb8 38. c5 dxc5 39. Qe4 f6 40. d6 Rcc8 41.
Rxc5 Nh6 42. f3 Nf7 43. Bf2 Rd8 44. d7 g4 45. Rb5 gxf3 46. Qxf3 Ng5 47. Qb3 Nxd7
48. Bxd7 Rxb5 49. Bxb5 Nh3+ 50. Kf1 Rxd1+ 51. Qxd1 Nxf2 52. Qd8+ Kf7 53. Qe8# 1-0

[Event "PRO League Group Stage"]
[Site "chess.com INT"]
[Date "2018.02.24"]
[Round "7"]
[White "Clarke, Brandon G I"]
[Black "Agrest, Inna"]
[Result "1-0"]
[WhiteTitle "FM"]
[BlackTitle "WIM"]
[WhiteElo "2360"]
[BlackElo "2280"]
[WhiteTeam "Australia Kangaroos"]
[BlackTeam "Stockholm Snowballs"]
[WhiteFideId "400319"]
[BlackFideId "1708830"]
[EventDate "2018.01.18"]

1. e4 e5 2. Nf3 Nc6 3. Bb5 a6 4. Ba4 Nf6 5. O-O Bc5 6. d3 b5 7. Bb3 d6 8. c3 h6
9. Nbd2 O-O 10. Re1 Bb6 11. Nf1 Ne7 12. Ng3 Ng6 13. h3 c5 14. Nh2 d5 15. exd5
Nxd5 16. Ng4 Bxg4 17. Qxg4 Kh7 18. a4 b4 19. a5 Bc7 20. Qc4 Ndf4 21. Bxf4 Nxf4
22. Qxc5 Nxd3 23. Bc2 e4 24. Bxd3 exd3 25. Qxb4 Rb8 26. Qe4+ g6 27. b4 d2 28.
Red1 Re8 29. Qf3 f5 30. Nf1 Be5 31. Rxd2 Qf6 32. Rd7+ Kh8 33. Rad1 Re6 34. Ne3
Rbe8 35. Nd5 Qh4 36. Qd3 Bg7 37. Kf1 Re4 38. Qxa6 Qh5 39. Nf6 R4e6 40. Nxh5 Rxa6
41. Nxg7 1-0

[Event "PRO League Group Stage"]
[Site "chess.com INT"]
[Date "2018.02.24"]
[Round "7"]
[White "Bonnafous, Michel"]
[Black "Trakru, Rohun"]
[Result "1-0"]
[BlackTitle "CM"]
[WhiteElo "1958"]
[BlackElo "1746"]
[WhiteTeam "Marseille Migraines"]
[BlackTeam "Rio Grande Ospreys"]
[WhiteFideId "615056"]
[BlackFideId "2097613"]
[EventDate "2018.01.18"]

1. e4 e6 2. Nf3 d5 3. e5 c5 4. Bb5+ Nc6 5. O-O Qb6 6. a4 Be7 7. c3 f6 8. d4 Bd7
9. Na3 a6 10. Bd3 c4 11. Bc2 O-O-O 12. b4 cxb3 13. Bxb3 fxe5 14. dxe5 Bc5 15.
Rb1 Qa7 16. Nc2 Nge7 17. Ncd4 Bxd4 18. cxd4 Nf5 19. Bb2 Rhg8 20. Rc1 Kb8 21. Bc2
Rdf8 22. Ba3 Rf7 23. Bc5 b6 24. Rb1 Kc8 25. Rxb6 Qa8 26. Qd2 g5 27. Rc1 g4 28.
Ne1 Kd8 29. Rcb1 Nfe7 30. Nd3 Nc8 31. Rb7 N8e7 32. R7b2 Rgf8 33. a5 h5 34. Ba4
Kc7 35. Bxc6 Bxc6 36. Bd6+ Kd7 37. Nc5+ 1-0

[Event "PRO League Group Stage"]
[Site "chess.com INT"]
[Date "2018.02.24"]
[Round "7"]
[White "Bonnafous, Michel"]
[Black "Della Morte, German"]
[Result "0-1"]
[BlackTitle "IM"]
[WhiteElo "1958"]
[BlackElo "2353"]
[WhiteTeam "Marseille Migraines"]
[BlackTeam "Buenos Aires Krakens"]
[WhiteFideId "615056"]
[BlackFideId "113522"]
[EventDate "2018.01.18"]

1. e4 e5 2. Nf3 Nc6 3. Nc3 Nf6 4. a3 g6 5. Nxe5 Nxe5 6. d4 Nc6 7. d5 Bg7 8. dxc6
bxc6 9. Bd3 O-O 10. O-O d5 11. exd5 cxd5 12. Bf4 c6 13. Qd2 Be6 14. Na4 Nd7 15.
Rab1 Re8 16. b4 Bf8 17. Rfe1 a5 18. Ra1 axb4 19. axb4 Bg7 20. c3 Qc8 21. Bd6 Qd8
22. Nc5 Nxc5 23. Bxc5 Qh4 24. Rxa8 Rxa8 25. Qb2 Qf4 26. Be3 Qe5 27. Bd2 Qb8 28.
Rc1 Be5 29. g3 h5 30. f4 Qa7+ 31. Kg2 Bg7 32. Re1 h4 33. Be3 h3+ 34. Kf2 Qa2 35.
Re2 Qxb2 36. Rxb2 Bxc3 37. Rc2 d4 38. Bd2 Bb3 39. Rxc3 dxc3 40. Bxc3 Ra2+ 41.
Kf3 Rxh2 42. Be4 Ra2 43. g4 h2 44. Kg3 Bd5 0-1

[Event "PRO League Group Stage"]
[Site "chess.com INT"]
[Date "2018.02.24"]
[Round "7"]
[White "Bonnafous, Michel"]
[Black "Lee, Megan"]
[Result "0-1"]
[BlackTitle "WIM"]
[WhiteElo "1958"]
[BlackElo "2163"]
[WhiteTeam "Marseille Migraines"]
[BlackTeam "Seattle Sluggers"]
[WhiteFideId "615056"]
[BlackFideId "2029618"]
[EventDate "2018.01.18"]

1. e4 e5 2. Nf3 Nc6 3. Nc3 Nf6 4. a3 a6 5. d4 exd4 6. Nxd4 Bc5 7. Be3 Nxd4 8.
Bxd4 Bxd4 9. Qxd4 d6 10. O-O-O Be6 11. h3 Qe7 12. f4 h5 13. g3 Bd7 14. Bg2 Bc6
15. Rhe1 O-O-O 16. Nd5 Qe6 17. Qa7 Nd7 18. c4 f6 19. b3 Rhe8 20. Nb4 Nb8 21. Qd4
f5 22. Nd5 Bxd5 23. cxd5 Qf7 24. e5 dxe5 25. fxe5 c6 26. e6 Qg6 27. Qf4 cxd5 28.
Bxd5 Nc6 29. Kb1 Qf6 30. Rc1 Rxd5 31. Qc4 Rd6 32. e7 Rxe7 33. Rxe7 Qxe7 34. Qg8+
Kc7 35. Qc4 Re6 36. Rc2 Re1+ 37. Ka2 Qe5 38. Qf7+ Kb8 39. Qf8+ Ka7 40. Qf7 Qa1# 0-1

[Event "PRO League Group Stage"]
[Site "chess.com INT"]
[Date "2018.02.24"]
[Round "7"]
[White "Bonnafous, Michel"]
[Black "Song, Edward"]
[Result "0-1"]
[BlackTitle "FM"]
[WhiteElo "1958"]
[BlackElo "2319"]
[WhiteTeam "Marseille Migraines"]
[BlackTeam "Pittsburgh Pawngrabbers"]
[WhiteFideId "615056"]
[BlackFideId "2051192"]
[EventDate "2018.01.18"]

1. e4 c5 2. Nf3 Nc6 3. d4 cxd4 4. Nxd4 Nf6 5. Nc3 d6 6. Be2 e5 7. Nb3 Be7 8. O-O
O-O 9. f4 a5 10. a4 Nb4 11. Be3 Be6 12. Nd2 exf4 13. Rxf4 d5 14. e5 Nd7 15. Bd4
Nc6 16. Nf3 g5 17. Rf6 Nxd4 18. Nxd4 Nxf6 19. exf6 Bxf6 20. Qd2 Qb6 21. Nb5 Bf5
22. c3 Be4 23. Rf1 h6 24. Bg4 Rae8 25. Qf2 Bg7 26. Bf5 Re5 27. g4 Bxf5 28. gxf5
Bf6 29. Qf3 Re4 30. Qg2 Rfe8 31. Rd1 Re1+ 32. Rxe1 Rxe1+ 33. Kf2 Re4 34. Qg3
Bxd4+ 35. cxd4 Qf6 0-1

[Event "PRO League Group Stage"]
[Site "chess.com INT"]
[Date "2018.02.24"]
[Round "7"]
[White "Li, Chao b"]
[Black "Bacrot, Alexandre"]
[Result "1-0"]
[WhiteTitle "GM"]
[WhiteElo "2732"]
[BlackElo "2192"]
[WhiteTeam "Chengdu Pandas"]
[BlackTeam "Marseille Migraines"]
[WhiteFideId "8604436"]
[BlackFideId "26076837"]
[EventDate "2018.01.18"]

1. d4 Nf6 2. c4 e6 3. Nf3 d5 4. Nc3 Be7 5. Bg5 c6 6. e3 O-O 7. Be2 Nbd7 8. O-O
dxc4 9. Bxc4 b5 10. Bd3 Bb7 11. Rc1 a6 12. Ne4 Nxe4 13. Bxe7 Nxf2 14. Bxh7+ Kh8
15. Rxf2 Qxe7 16. Be4 Rac8 17. Ne5 Nxe5 18. Qh5+ 1-0

[Event "PRO League Group Stage"]
[Site "chess.com INT"]
[Date "2018.02.24"]
[Round "7"]
[White "Li, Chao b"]
[Black "Lalith, Babu M R"]
[Result "1/2-1/2"]
[WhiteTitle "GM"]
[BlackTitle "GM"]
[WhiteElo "2732"]
[BlackElo "2542"]
[WhiteTeam "Chengdu Pandas"]
[BlackTeam "Delhi Dynamite"]
[WhiteFideId "8604436"]
[BlackFideId "5024595"]
[EventDate "2018.01.18"]

1. d4 Nf6 2. c4 e6 3. Nf3 b6 4. a3 Bb7 5. Nc3 d5 6. Bf4 Bd6 7. Bxd6 Qxd6 8. e3
O-O 9. cxd5 exd5 10. Be2 c5 11. O-O Nbd7 12. Rc1 Rfd8 13. Nb5 Qe7 14. dxc5 bxc5
15. Qa4 d4 16. Qb3 Bd5 17. Qd1 dxe3 18. Nc7 Bxf3 19. Bxf3 Rac8 20. Nd5 Nxd5 21.
Qxd5 Nf6 22. Qg5 exf2+ 23. Rxf2 h6 24. Qf5 Qe3 25. Rf1 Rb8 26. Kh1 Re8 27. Rc2
Re5 28. Qh3 Qd3 29. Rcc1 Rxb2 30. Qc8+ Kh7 31. Qc7 Rf5 32. Qxf7 Rf4 33. Qc7 Rf5
34. Qc8 Rg5 35. Qe6 Qg6 36. Rg1 Rb6 37. Qe7 Ng4 38. Bxg4 Rxg4 39. Qxc5 Rb2 40.
Qd5 Rh4 41. h3 Rh5 42. Qd4 Rb3 43. Rc3 Rh4 44. Qe3 Rxc3 45. Qxc3 Rf4 46. Qe3 Rf7
47. Rc1 Qb6 48. Qe4+ Qg6 49. Qe3 Qb6 50. Qe4+ Qg6 51. Qd4 Qb6 52. Qd5 Qf6 53. a4
Qf5 54. Qc4 Qf4 55. Qc2+ Qf5 56. Qb3 Re7 57. Qc4 Qg6 58. a5 a6 59. Rd1 Re5 60.
Qa2 Qf5 61. Ra1 Rc5 62. Qa4 Rc2 63. Qd4 Rc5 64. Qb4 Rb5 65. Qc3 Rc5 66. Qd2 Rd5
67. Qb4 Rb5 68. Qa3 Rc5 69. Qa4 Rd5 70. Qb4 Rb5 71. Qc3 Rc5 72. Qb4 Rb5 1/2-1/2

[Event "PRO League Group Stage"]
[Site "chess.com INT"]
[Date "2018.02.24"]
[Round "7"]
[White "Li, Chao b"]
[Black "Gorozhanin, Mikhail"]
[Result "1-0"]
[WhiteTitle "GM"]
[BlackTitle "FM"]
[WhiteElo "2732"]
[BlackElo "2435"]
[WhiteTeam "Chengdu Pandas"]
[BlackTeam "Volga Stormbringers"]
[WhiteFideId "8604436"]
[BlackFideId "4178262"]
[EventDate "2018.01.18"]

1. d4 d5 2. c4 e6 3. Nc3 c6 4. e4 dxe4 5. Nxe4 Bb4+ 6. Nc3 c5 7. a3 Ba5 8. Be3
Nf6 9. Qd3 cxd4 10. Qxd4 Qxd4 11. Bxd4 Nc6 12. Bxf6 gxf6 13. b4 Bc7 14. Nf3 a6
15. Be2 Bd7 16. O-O-O Rd8 17. Kb2 Ke7 18. Rhe1 f5 19. c5 Kf6 20. Bc4 Ne5 21.
Nxe5 Bxe5 22. g3 Bc6 23. f4 Bd4 24. Kb3 h5 25. Rd3 Bxc3 26. Rxd8 Rxd8 27. Kxc3
h4 28. Bb3 hxg3 29. hxg3 Rh8 30. a4 Rh2 31. Re3 Rg2 32. Bd1 Rg1 33. Bc2 Kg6 34.
Kd2 Ra1 35. g4 Bxa4 36. gxf5+ exf5 37. Bd3 Kf6 38. Re5 Bd7 39. Rd5 Be6 40. Rd6
Ra2+ 41. Ke3 Ke7 42. Rb6 Bc8 43. c6 bxc6 44. Rxc6 Bd7 45. Rxa6 Rb2 46. Rb6 Be6
47. b5 Rb3 48. Kd4 Rb4+ 49. Ke3 Rb3 50. Kd4 Rb4+ 51. Kc5 Rxf4 52. Rb7+ Kf6 53.
Rc7 Rf3 54. Kd4 f4 55. b6 Bf5 56. Bxf5 Kxf5 57. Rc5+ Kg4 58. Rb5 Rf1 59. b7 Rd1+
60. Kc3 Rd8 61. b8=Q Rxb8 62. Rxb8 f3 63. Kd2 Kg3 64. Ke1 f5 65. Kf1 Kf4 66. Kf2
Kg4 67. Rb4+ f4 68. Rb5 1-0

[Event "PRO League Group Stage"]
[Site "chess.com INT"]
[Date "2018.02.24"]
[Round "7"]
[White "Li, Chao b"]
[Black "Olafsson, Helgi"]
[Result "1-0"]
[WhiteTitle "GM"]
[BlackTitle "GM"]
[WhiteElo "2732"]
[BlackElo "2508"]
[WhiteTeam "Chengdu Pandas"]
[BlackTeam "Reykjavik Puffins"]
[WhiteFideId "8604436"]
[BlackFideId "2300010"]
[EventDate "2018.01.18"]

1. d4 Nf6 2. c4 g6 3. Nc3 d5 4. Nf3 Bg7 5. h4 c6 6. cxd5 cxd5 7. Bf4 Nc6 8. e3
Bf5 9. Qb3 Qb6 10. Qxb6 axb6 11. Bb5 Bd7 12. Ke2 Kd8 13. Rhc1 h6 14. a3 e6 15.
b4 Ne4 16. Na4 Nxd4+ 17. Nxd4 Bxb5+ 18. Nxb5 Rxa4 19. Ra2 e5 20. Bh2 Re8 21. f3
Nf6 22. Rc7 Re7 23. Rxe7 Kxe7 24. Bxe5 Ne8 25. Bf4 Ra8 26. Rc2 Kd7 27. Kd3 Bf6
28. Bxh6 Bxh4 29. Bf4 Bf6 30. g4 Rc8 31. Rxc8 Kxc8 32. g5 Bg7 33. e4 dxe4+ 34.
Kxe4 Kd7 35. Kd5 Bb2 36. Be3 Nc7+ 37. Nxc7 Kxc7 38. a4 Bc3 39. Kc4 Be1 40. Kb5
Bh4 41. Bf4+ Kc8 42. Kxb6 Bf2+ 43. Kb5 Kd7 44. a5 Ke6 45. Kc4 Kf5 46. Bd2 Bg1
47. b5 Bf2 48. a6 bxa6 49. bxa6 Ba7 50. Kd3 f6 51. gxf6 Kxf6 52. Be3 Bb8 53. Ke4 1-0

[Event "PRO League Group Stage"]
[Site "chess.com INT"]
[Date "2018.02.24"]
[Round "7"]
[White "Yu, Yangyi"]
[Black "Adhiban, Baskaran"]
[Result "1-0"]
[WhiteTitle "GM"]
[BlackTitle "GM"]
[WhiteElo "2760"]
[BlackElo "2655"]
[WhiteTeam "Chengdu Pandas"]
[BlackTeam "Mumbai Movers"]
[WhiteFideId "8603820"]
[BlackFideId "5018471"]
[EventDate "2018.01.18"]

1. e4 g6 2. d4 Bg7 3. Nc3 a6 4. f4 b5 5. Nf3 d6 6. Bd3 Nd7 7. e5 c5 8. Be4 Rb8
9. Be3 b4 10. Ne2 Nh6 11. dxc5 Nxc5 12. Bxc5 dxc5 13. Bc6+ Bd7 14. Qd5 Rc8 15.
Bxd7+ Qxd7 16. Qxd7+ Kxd7 17. O-O-O+ Kc6 18. Ng5 Ng4 19. Nxf7 Rhf8 20. Ng5 Bh6
21. Ne6 Rfe8 22. Rd2 Ne3 23. Rd3 Ng4 24. Re1 Nxe5 25. N2d4+ cxd4 26. Rxe5 Rcd8
27. Nxd8+ Rxd8 28. g3 Rd7 29. a4 Bg7 30. Re6+ Kb7 31. a5 Bf6 32. Rb3 Rd5 33.
Rxb4+ Ka7 34. Reb6 Rd7 35. Rc4 d3 36. c3 g5 37. Kd2 gxf4 38. gxf4 Rd5 39. Rc7+
Ka8 40. Rxa6+ Kb8 41. Rc4 1-0

[Event "PRO League Group Stage"]
[Site "chess.com INT"]
[Date "2018.02.24"]
[Round "7"]
[White "Yu, Yangyi"]
[Black "Lenic, Luka"]
[Result "1/2-1/2"]
[WhiteTitle "GM"]
[BlackTitle "GM"]
[WhiteElo "2760"]
[BlackElo "2662"]
[WhiteTeam "Chengdu Pandas"]
[BlackTeam "Ljubljana Turtles"]
[WhiteFideId "8603820"]
[BlackFideId "14603853"]
[EventDate "2018.01.18"]

1. e4 c5 2. Nf3 Nc6 3. d4 cxd4 4. Nxd4 Nf6 5. Nc3 e5 6. Ndb5 d6 7. Bg5 a6 8. Na3
b5 9. Nd5 Be7 10. Bxf6 Bxf6 11. c3 O-O 12. Nc2 Bg5 13. a4 bxa4 14. Rxa4 a5 15.
Bc4 Rb8 16. b3 Kh8 17. Nce3 g6 18. h4 Bxh4 19. g3 Bg5 20. f4 exf4 21. gxf4 Bh4+
22. Kf1 Be6 23. Ra2 f5 24. Rah2 g5 25. Qh5 Rb7 26. Ke2 fxe4 27. Qh6 Bg8 28. Ng2
Bg3 29. Rh3 Bxf4 30. Ngxf4 gxf4 31. Nxf4 Bxc4+ 32. bxc4 Ne5 33. Ne6 Rb2+ 34. Kd1
Rb1+ 35. Ke2 Rb2+ 36. Kd1 Rb1+ 37. Ke2 Rb2+ 1/2-1/2

[Event "PRO League Group Stage"]
[Site "chess.com INT"]
[Date "2018.02.24"]
[Round "7"]
[White "Yu, Yangyi"]
[Black "Cornette, Matthieu"]
[Result "1-0"]
[WhiteTitle "GM"]
[BlackTitle "GM"]
[WhiteElo "2760"]
[BlackElo "2611"]
[WhiteTeam "Chengdu Pandas"]
[BlackTeam "Cannes Blockbusters"]
[WhiteFideId "8603820"]
[BlackFideId "620084"]
[EventDate "2018.01.18"]

1. e4 c5 2. Nc3 Nc6 3. g3 d6 4. Bg2 g6 5. d3 Bg7 6. Nge2 Nh6 7. O-O O-O 8. a3 f5
9. Rb1 a5 10. Nd5 e6 11. Ne3 fxe4 12. dxe4 b5 13. e5 d5 14. Nxd5 Nxe5 15. f4 Nc6
16. Ndc3 Qb6 17. Qd6 Ra6 18. Qxc6 Qxc6 19. Bxc6 Rxc6 20. Nxb5 Nf5 21. Bd2 a4 22.
Bc3 Ba6 23. Bxg7 Kxg7 24. Nbc3 Ne3 25. Rf2 Rd8 26. h3 Rcd6 27. g4 Nxc2 28. Ng3
Rd3 29. Nge4 Nd4 30. Nxc5 Nf3+ 31. Rxf3 Rxf3 32. Nxe6+ Kf6 33. Nxd8 1-0